Empires of the sea : (Record no. 127042)

MARC details
000 -LEADER
campo de control de longitud fija 02059nam a22002417a 4500
003 - IDENTIFICADOR DE NÚMERO DE CONTROL
campo de control BJBSDDR
005 - FECHA Y HORA DE LA ÚLTIMA TRANSACCIÓN
campo de control 20260511123623.0
007 - CAMPO FIJO DE DESCRIPCIÓN FÍSICA--INFORMACIÓN GENERAL
campo de control de longitud fija ta
008 - DATOS DE LONGITUD FIJA--INFORMACIÓN GENERAL
campo de control de longitud fija 260511s2008 nyu||||| |||| 00| 0 eng d
020 ## - NÚMERO INTERNACIONAL ESTÁNDAR DEL LIBRO
Número Internacional Estándar del Libro 9781400066247
020 ## - NÚMERO INTERNACIONAL ESTÁNDAR DEL LIBRO
Número Internacional Estándar del Libro 1400066247
040 ## - FUENTE DE CATALOGACIÓN
Lengua de catalogación spa
Centro/agencia transcriptor BJBSDDR
041 ## - CÓDIGO DE IDIOMA
Código de lengua del texto/banda sonora o título independiente eng
050 ## - SIGNATURA TOPOGRÁFICA DE LA BIBLIOTECA DEL CONGRESO
Número de ítem C953 2008
100 1# - ENTRADA PRINCIPAL--NOMBRE DE PERSONA
Nombre de persona Crowley, Roger
9 (RLIN) 48373
245 10 - MENCIÓN DEL TÍTULO
Título Empires of the sea :
Resto del título the siege of Malta, the battle of Lepanto, and the contest for the center of the world /
Mención de responsabilidad, etc. Roger Crowley
260 ## - PUBLICACIÓN, DISTRIBUCIÓN, ETC.
Lugar de publicación, distribución, etc. New York :
Nombre del editor, distribuidor, etc. Random House Trade Paperbacks,
Fecha de publicación, distribución, etc. 2008
300 ## - DESCRIPCIÓN FÍSICA
Extensión xvii, 336 pages :
Otras características físicas illustrations ;
Dimensiones 20 cm
505 ## - NOTA DE CONTENIDO CON FORMATO
Nota de contenido con formato Ptolemy's map<br/>Map: The Mediterranean, c. 1560<br/>Map: The Siege of Malta<br/>Map: The Battle of Lepanto<br/>I. CAESARS: THE CONTEST FOR THE SEA. The Sultan pays a visit<br/>A supplication<br/>The king of evil<br/>The voyage to Tunis<br/>Doria and Barbarossa<br/>The Turkish Sea<br/>II. EPICENTER: THE BATTLE FOR MALTA. Nest of vipers<br/>Invasion fleet<br/>The post of death<br/>The Ravelin of Europe<br/>The last swimmers<br/>Payback<br/>Trench wars<br/>"Malta York"<br/>III. ENDGAME: HURTLING TO LEPANTO. The pope's dream<br/>A head in a dish<br/>Famagusta<br/>Christ's general<br/>Snakes to a charm<br/>"Let's fight"<br/>Sea of fire<br/>Other oceans<br/>Epilogue: Traces
520 ## - RESUMEN, ETC.
Sumario, etc. A thrilling account of the brutal decades-long battle between Christendom and Islam for the soul of Europe. This struggle's brutal climax came between 1565 and 1571, seven years that witnessed a fight to the finish decided in a series of bloody set pieces: the epic siege of Malta, in which a tiny band of Christian defenders defied the might of the Ottoman army; the savage battle for Cyprus; and the apocalyptic last-ditch defense of southern Europe at Lepanto--one of the single most shocking days in world history. At the close of this cataclysmic naval encounter, the carnage was so great that the victors could barely sail away because of the countless corpses floating in the sea. Lepanto fixed the frontiers of the Mediterranean world that we know today
942 ## - ELEMENTOS DE ENTRADA SECUNDARIOS (KOHA)
Fuente del sistema de clasificación o colocación Clasificación de Library of Congress
Suprimir en OPAC No
Tipo de ítem Koha Libro
946 ## - PROCESAMIENTO DE INFORMACIÓN LOCAL (OCLC)
Iniciales del agente catalogador cmc
Holdings
Estatus retirado Estado de pérdida Fuente del sistema de clasificación o colocación Estado de daño No para préstamo Colección Biblioteca de origen Biblioteca actual Ubicación en estantería Fecha de adquisición Signatura topográfica completa Código de barras Visto por última vez Copia número Tipo de ítem Koha
    Clasificación de Library of Congress     Automatización y Procesos Técnicos Biblioteca Juan Bosch Biblioteca Juan Bosch Automatización y Procesos Técnicos (1er. Piso) 11/05/2026 C953 2008 00000199781 11/05/2026 1 Libro